000 00943nam a22002657a 4500
005 20240216115824.0
010 _aENG-139283 EN-122815
020 _c5995.00
_a9788181715661
035 _aEN-139283
035 _aEN-122815
037 _bCHA/PUB
082 _a591.954
100 _a CHANDRA KAILASH
_qKAILASH CHANDRA
_962209
245 _aFAUNAL DIVERSITY OF BIOGEOGRAPHIC ZONE OF INDIA:WESTERN GHATS/
_cKAILASH CHANDRA;
_bZOOLOGICAL SURVEY OF INDIA
_hENGLISH
260 _aKOLKATA
_bZOOLOGICAL SURVEY OF INDIA
_c2020
270 _bNEW ALIPORE
_aM-BLOCK,NEW ALIPORE,KOLKATA-700053
_e700053
300 _a744p.
_c30cm(pb)
500 _aPrinciples, Concepts, and Applications What, Why and How
700 _aCHANDRA KAILASH
_961814
_eAuthor
700 _aRAGHUNATHAN C.
_961887
700 _aSURESHAN P.M.
_962110
700 _aSUBRAMANIAN K.A.
_962111
700 _aN.RIZVI ANJUM
_962112
942 _2ddc
_cEN
_h591.954
999 _c200761
_d200761